Высшая математика: учебное пособие

Detaylı Bibliyografya
Dil:Rusça
Baskı/Yayın Bilgisi: Томск, Дельтаплан, 2009
Materyal Türü: MixedMaterials Kitap
KOHA link:https://koha.lib.tpu.ru/cgi-bin/koha/opac-detail.pl?biblionumber=183840

MARC

LEADER 00000nam1a2200000 4500
001 183840
005 20250609155810.0
035 |a (RuTPU)RU\TPU\book\199303 
090 |a 183840 
100 |a 20100823d2009 m y0rusy50 ca 
101 0 |a rus 
102 |a RU 
200 1 |a Высшая математика  |e учебное пособие  |f Л. И. Терехина, И. И. Фикс 
210 |a Томск  |c Дельтаплан  |d 2009 
801 1 |a RU  |b 63413507  |c 20100823 
801 2 |a RU  |b 63413507  |c 20121218  |g RCR 
850 |a 63413507 
942 |c BK